Fundraising the SMART way : (Record no. 22539)
[ view plain ]
| 000 -LEADER | |
|---|---|
| fixed length control field | 01015cam a22002895a 4500 |
| 001 - CONTROL NUMBER | |
| control field | ocn869793299 |
| 003 - CONTROL NUMBER IDENTIFIER | |
| control field | OSt |
| 005 - DATE AND TIME OF LATEST TRANSACTION | |
| control field | 20201128023846.0 |
| 008 - FIXED-LENGTH DATA ELEMENTS--GENERAL INFORMATION | |
| fixed length control field | 140122t2014 njua frb 001 0 eng d |
| 020 ## - INTERNATIONAL STANDARD BOOK NUMBER | |
| International Standard Book Number | 9781118640180 (hbk.) |
| 020 ## - INTERNATIONAL STANDARD BOOK NUMBER | |
| International Standard Book Number | 1118640187 (hbk.) |
| 040 ## - CATALOGING SOURCE | |
| Original cataloging agency | UKMGB |
| Language of cataloging | eng |
| Transcribing agency | UKMGB |
| Modifying agency | YDXCP |
| -- | BTCTA |
| -- | BDX |
| -- | CLE |
| -- | EG-ScBUE |
| 082 04 - DEWEY DECIMAL CLASSIFICATION NUMBER | |
| Classification number | 658.15224 |
| Edition number | 22 |
| Item number | BRI |
| 100 1# - MAIN ENTRY--PERSONAL NAME | |
| Personal name | Bristol, Ellen. |
| 9 (RLIN) | 41508 |
| 245 10 - TITLE STATEMENT | |
| Title | Fundraising the SMART way : |
| Remainder of title | predictable, consistent income growth for your charity / |
| Statement of responsibility, etc | Ellen Bristol. |
| 246 14 - VARYING FORM OF TITLE | |
| Title proper/short title | Fundraising the SMART way + website |
| 260 ## - PUBLICATION, DISTRIBUTION, ETC. (IMPRINT) | |
| Place of publication, distribution, etc | Hoboken : |
| Name of publisher, distributor, etc | John Wiley & Sons, |
| Date of publication, distribution, etc | c.2014. |
| 300 ## - PHYSICAL DESCRIPTION | |
| Extent | xvi, 256 p. : |
| Other physical details | ill. ; |
| Dimensions | 24 cm. |
| 490 0# - Series Statement | |
| Series statement | The AFP/Wiley fund development series. |
| 500 ## - GENERAL NOTE | |
| General note | Includes index. |
| 504 ## - BIBLIOGRAPHY, ETC. NOTE | |
| Bibliography, etc | Includes bibliographical references. |
| 650 #7 - SUBJECT ADDED ENTRY--TOPICAL TERM | |
| Topical term or geographic name as entry element | Fund raising. |
| Source of heading or term | BUEsh |
| 9 (RLIN) | 2112 |
| 650 #7 - SUBJECT ADDED ENTRY--TOPICAL TERM | |
| Topical term or geographic name as entry element | Charities |
| General subdivision | Finance. |
| Source of heading or term | BUEsh |
| 9 (RLIN) | 41509 |
| 650 #7 - SUBJECT ADDED ENTRY--TOPICAL TERM | |
| Topical term or geographic name as entry element | Nonprofit organizations |
| General subdivision | Finance. |
| Source of heading or term | BUEsh |
| 9 (RLIN) | 41510 |
| 653 ## - INDEX TERM--UNCONTROLLED | |
| Resource For college | BAEPS, Business Administration |
| Arrived date list | October2016 |
| 942 ## - ADDED ENTRY ELEMENTS (KOHA) | |
| Source of classification or shelving scheme | Dewey Decimal Classification |
| Withdrawn status | Item status | Source of classification or shelving scheme | Damaged status | Not for loan | Vendor | Home library | Current library | Shelving location | Date acquired | Source of acquisition | Cost, normal purchase price | Serial Enumeration / chronology | Total Checkouts | Full call number | Barcode | Date last seen | Cost, replacement price | Koha item type |
|---|---|---|---|---|---|---|---|---|---|---|---|---|---|---|---|---|---|---|
| Dewey Decimal Classification | Academic Bookshop | Central Library | Central Library | First floor | 12/10/2016 | Purchase | 480.00 | 9154 | 658.15224 BRI | 000034046 | 15/07/2025 | 600.00 | Book - Borrowing |